| 000 | 00664cas a22002175a 4500 | ||
|---|---|---|---|
| 001 | L131018 | ||
| 008 | 050920d19221995fr qr p 0 a0eng u | ||
| 022 | 1 | _a0340-8825 | |
| 035 | _a(Sirsi) u131018 | ||
| 041 | 1 |
_aeng _afre |
|
| 110 | 2 |
_aInternational Association of Geodesy _9445 |
|
| 245 | 0 | 0 | _aBulletin Geodesique |
| 260 |
_aParis _bAssociation Internationale de Geodesie _c1922-1995 |
||
| 362 | _a(63) 1962-64(1) 1990 | ||
| 554 | _aFour per year | ||
| 651 | 4 | _aInternational | |
| 690 | _aENVIRONMENTAL AND LAND CONSULTANCY-GEOMATICS | ||
| 710 | 2 | _aInternational Union of Geodesy and Geophysics | |
| 785 | 0 | 0 |
_tJournal of Geodesy _x0007-4632 |
| 942 | _n0 | ||
| 999 |
_c118844 _d118844 |
||